000 00952nam a2200205Ia 4500
003 IN-BaIIA
008 211028s9999 xx 000 0 eng d
040 _cIIA Library
080 _a52-77
_bLOW
111 _aWorkshop on Low Frequency Radio Astronomy
_cNational Radio Astronomy Observatory, Green Bank, West Virginia
_d1984 Nov. 16-17
_915622
245 0 _aLow frequency radio astronomy
_bproceedings of a workshop on low frequency radio astronomy, held in National Radio Astronomy Observatory, Green Bank, West Virginia, november 16-17,1984
_cedited by W. C. Erickson and edited by H. V. Cane
260 _aGreen Bank
_bNational Radio Astronomy Observatory
_c1986
300 _av, 115p.
490 _aNRAO Workshop no. 10
650 _aAstronomy and astrophysics thesaurus
650 _aRadio astronomy
_92849
700 _aCane H. V.ed.
_915623
700 _aErickson, W. C., ed.
_915624
942 _cBK
999 _c9287
_d9287